Giáo trình kinh tế quốc tế

Nội dung sách trình bày những vấn đề chung về kinh tế Quốc tế, mối quan hệ thương mại Quốc tế, thanh toán và thị trường tiền tệ Quốc tế, liên kết và hội nhập kinh tế Quốc tế.

保存先:
書誌詳細
第一著者: Đỗ Đức Bình
その他の著者: Nguyễn Thị Thúy Hồng
フォーマット: 図書
言語:Vietnamese
出版事項: H. Giáo dục Việt Nam 2010
版:Tái bản lần thứ 3
主題:
タグ: タグ追加
タグなし, このレコードへの初めてのタグを付けませんか!
Thư viện lưu trữ: Thư viện Trường Đại học Nam Cần Thơ
LEADER 01759nam a22002657a 4500
001 NCT_50739
008 180919b xxu||||| |||| 00| 0 vie d
999 |c 2424  |d 2424 
020 |c 36000 
082 0 4 |2 23rd ed.  |a 337.1  |b B312 
100 1 |a Đỗ Đức Bình 
245 1 0 |a Giáo trình kinh tế quốc tế  |c Đỗ Đức Bình, Nguyễn Thị Thúy Hồng 
250 |a Tái bản lần thứ 3 
260 |a H.  |b Giáo dục Việt Nam  |c 2010 
300 |a 279 tr.  |b Bảng  |c 24cm 
520 3 |a Nội dung sách trình bày những vấn đề chung về kinh tế Quốc tế, mối quan hệ thương mại Quốc tế, thanh toán và thị trường tiền tệ Quốc tế, liên kết và hội nhập kinh tế Quốc tế. 
653 3 |a Quản trị kinh doanh 
700 1 |a Nguyễn Thị Thúy Hồng 
942 |2 ddc  |c BK 
952 |0 0  |1 0  |2 ddc  |4 0  |6 337_100000000000000_B312  |7 0  |9 13971  |a 000001  |b 000001  |d 2018-09-19  |o 337.1 B312  |p MD.13329  |r 2018-09-19  |v 36000.00  |w 2018-09-19  |y BK 
952 |0 0  |1 0  |2 ddc  |4 0  |6 337_100000000000000_B312  |7 0  |9 13972  |a 000001  |b 000001  |d 2018-09-19  |o 337.1 B312  |p MD.13330  |r 2018-09-19  |v 36000.00  |w 2018-09-19  |y BK 
952 |0 0  |1 0  |2 ddc  |4 0  |6 337_100000000000000_B312  |7 0  |9 13973  |a 000001  |b 000001  |d 2018-09-19  |o 337.1 B312  |p MD.13331  |r 2018-09-19  |v 36000.00  |w 2018-09-19  |y BK 
952 |0 0  |1 0  |2 ddc  |4 0  |6 337_100000000000000_B312  |7 0  |9 13974  |a 000001  |b 000001  |d 2018-09-19  |l 1  |o 337.1 B312  |p MD.13332  |r 2021-01-27  |s 2021-01-20  |v 36000.00  |w 2018-09-19  |y BK 
952 |0 0  |1 0  |2 ddc  |4 0  |6 337_100000000000000_B312  |7 0  |9 13975  |a 000001  |b 000001  |d 2018-09-19  |o 337.1 B312  |p MD.13333  |r 2018-09-19  |v 36000.00  |w 2018-09-19  |y BK 
980 |a Thư viện Trường Đại học Nam Cần Thơ